One Piece quiz ultime 15 - Arc Water Seven - Statistiques

Statistiques générales
  • Ce quiz a été pris 14 fois
  • Le résultat moyen est 37 sur 181
Statistiques - réponses
Question Réponse % Correct
Comment s'appelle le crapaud que l'équipage croise en mer ? Yokozuna
78%
Comment s'appelle la compagnie de construction navale de Water Seven ? Galley-La Company
67%
Comment s'appelle le train des mers ? Puffing Tom
67%
Avec qui les membres de l'équipage confonde-t-il Kaku ? Usopp
67%
Combien de berrys obtiens l'équipage après avoir échangé son or contre des billets ? 300.000.000
56%
Qui Robin croise-t-elle dans la rue lui disant qu'il appartient au CP9 ? Blueno
56%
Que porte sur le visage beaucoup de personnes pour le carnaval ? Des masques
56%
Comment s'appelle le pigeon de Lucci ? Hattori
56%
Quelle est la particularité du nez de Kaku ? Il est carré
56%
Quel type de nage le crapaud utilise-t-il ? Le crawl
56%
Qu'est-ce que Franky ne porte jamais ? Un pantalon
56%
Combien de temps faut-il au log pose pour se recharger sur Water Seven ? 1 semaine
44%
Comment s'appelle la marée haute annuelle de Water Seven ? Aqua Laguna
44%
Qu'est-ce que Paulie utilise pour se battre ? Des cordes
44%
Comment s'appelle le quartier général de la Franky Family ? Franky House
44%
Quel est le nom du chlapin de Chimney ? Gonbe
44%
Grâce à quel procéder le pigeon de Lucci pouvait parler ? Grâce à la ventriloquie
44%
Kalifa qualifie presque toutes les actions masculines comme étant du... Harcèlement sexuel
44%
Qui attaque Zoro pendant qu'il dort sur le Vogue Merry ? La Franky Family
44%
Comment Luffy surnomme-t-il Icebarg ? Papy glaçon
44%
Quelle technique de Franky consiste à projeter son poing droit accroché par une chaîne ? Strong Right
44%
Comment s'appelle la souris d'Icebarg ? Tyrannosaurus /Tyrannosaure
44%
Que porte Franky sur la tête durant sa première apparition ? Un masque
44%
De combien d'années Tom a-t-il besoin pour fabriquer le train des mers ? 10 ans
33%
Le flashback de Franky prend place combien d'années dans le passé ? 22 ans
33%
Quel âge a Franky ? 34 ans
33%
Combien d'années supplémentaire Tom a-t-il eu besoin pour créer trois lignes de chemin de fer en plus ? 4 ans
33%
Après combien d'années Franky revient-il à Water Seven après être devenu un cyborg ? 4 ans
33%
Depuis combien d'années Franky est-il de retour à Water Seven ? 4 ans
33%
Pendant combien de temps Lucci, Kaku, Kalifa et Blueno se sont infiltré à Water Seven ? 5 ans
33%
Combien y a-t-il de wagons dans le train des mers ? 7
33%
Avec quelle boisson carbure Franky ? Avec du cola
33%
Avec quel animal Chopper est-il toujours confondu par tout le monde ? Avec un raton laveur
33%
Comment s'appelle le rassemblement de 10 navires de la Marine consistant à raser une île ? Buster Call
33%
Que signifie le CP de CP9 ? Cipher Pol
33%
À quel organe du gouvernement appartenait Spandam ? CP5
33%
À quel organe du gouvernement appartient Jerry ? CP6
33%
Quel est le véritable nom de Franky ? Cutty Flam
33%
Après s'être fait éjecté par Lucci, où se retrouve bloqué Zoro ? Dans une cheminée
33%
Que met Luffy dans les poches de son pantalon noir ? De la viande
33%
En quelle créature se transforme Franky pour vaincre Nero ? En centaure
33%
Les plans que possède Icebarg sont en réalité des... Faux
33%
Qui défigure Spandam à vie ? Franky
33%
Quel fruit a mangé Lucci ? Fruit du Félin /Neko Neko no Mi modèle Léopard
33%
Comment s'appelle le bull rayé de la Franky Family ? Gomorrhe / Gomorrah
33%
Quelle technique du CP9 consiste à utiliser son doigt comme un pistolet ? Index Gun / Shigan
33%
Qui enlève le Merry de la base secrète de Franky en le laissant tomber dans la mer ? Kaku
33%
Comment s'appelle l'art martial maîtrisé par le CP9 ? Le Rokushiki /Les six pouvoirs
33%
Qu'est-ce que le CP9 est autorisé à faire aux civils si ces derniers ne se montrent pas coopératifs ? Les tuer
33%
Quelle technique du CP9 consiste à rendre son corps aussi solide que l'acier ? Metallium / Tekkai
33%
Quel est le nom du navire du roi des pirates ? Oro Jackson
33%
Quelle technique du CP9 consiste à rebondir dans les airs ? Pas de Lune / Geppo
33%
Quel est le nom de la cité des gourmets ? Petit / Pucci
33%
Les plans de quelle arme Icebarg possède-t-il ? Pluton
33%
Comment s'appelle le bull jaune de la Franky Family ? Sodom
33%
Qui a utilisé les bateaux de Franky pour attaquer la cour d'assises navale ? Spandam et le CP5
33%
Sur quelle île est né Sniperking ? Sur l'île des Snipers
33%
Qui a construit le navire de Gol D. Roger ? Tom
33%
Quel moyen de transport faut-il utiliser pour se rendre sur l'île au chantier naval ? Un ascenseur aquatique
33%
Qu'est-ce que Lulu a tout le temps sur la tête ? Un épi
33%
Qu'est-ce qu'Usopp utilise pour contrer le Gum Gum Bazooka de Luffy ? Un impact dial
33%
Combien de bateaux Franky a-t-il dans son armada ? 35
22%
Quel nom Franky donne-t-il a son armada de navire ? Battle Franky
22%
Comment s'appelle l'agent du gouvernement mondial qui vient pour parler à Icebarg d'une arme antique ? Corgi
22%
Quelle technique de Franky consiste à connecter ses deux bras avec un tuyau pour envoyer une grande quantité de vent ? Coup de Vent
22%
À quel organe du gouvernement appartient Wanze ? CP7
22%
Selon Lucci l'existance de Robin est un... Crime
22%
Où séjournent les membres de l'équipage après avoir quitté le Vogue Merry ? Dans un hôtel
22%
Où se trouve l'île d'origine de Sniperking ? Dans vos cœurs
22%
De quel instrument joue Franky ? De la guitare
22%
Qu'est-ce que Nami a rapporté pour Luffy et Zoro avant d'embarquer dans le deuxième train des mers ? De la viande et de l'alcool
22%
Qu'est-ce que Franky a de tatoué sur les bras ? Des étoiles
22%
Que décroche Sanji du train des mers ? Deux wagons
22%
De quoi est équipé le ventre de Franky ? D'un réfrigérateur
22%
Que fait la banane de Franky quand il n'a plus d'énergie ? Elle tombe
22%
Après s'être fait éjecté par Lucci, où se retrouve bloqué Luffy ? Entre deux maisons
22%
Quel fruit a mangé Blueno ? Fruit du Portier /Doa Doa no Mi
22%
Quel est le surnom de Water Seven ? La cité sur l'eau
22%
Quelle partie trop endommagé du Vogue Merry le rend irréparable ? La quille
22%
Qu'est-ce qui percute Franky, qui l'obligera à devenir un cyborg ? Le Puffing Tom
22%
Quel est le nom des bulls les plus petits ? Les yagara bulls
22%
Qui est représenté sur l'avis de recherche accroché dans la chambre d'Icebarg ? Nico Robin
22%
À qui Icebarg demande-t-il d'aller chercher les plans de l'arme dans son bureau ? Paulie
22%
Qui sauve Luffy, Zoro, Nami et Chopper de la tempête ? Paulie
22%
Quelle technique du CP9 consiste à créer une lame d'air ? Pied Ouragan /Rankyaku
22%
Qui sont les deux personnes à s'être infiltrées chez Icebarg ? Robin et Blueno
22%
Qui balance Nero en dehors du train ? Rob Lucci
22%
Avec des morceaux de quel objet T Bone fait-il des bandages pour les blessés ? Sa cape
22%
Quelle est la seule partie de son corps que Franky n'a pas pu modifier ? Son dos
22%
Comment Franky surnomme Spandam ? Spanda
22%
Quel est le mot préféré de Franky ? Super
22%
Comment s'appelle la compagnie de construction naval de Tom ? Tom's Workers
22%
Qu'est-ce qui a transpercé Tom quand il s'est fait attaquer par les bateaux de Franky ? Un harpon
22%
Avec qui Sniperking est-il très bon ami ? Usopp
22%
Combien coûte la location de deux bulls de petites tailles ? 2000
11%
De combien est le montant de la prime du capitaine de l'équipage des gros casques ? 36.000.000
11%
Depuis combien de temps la compagnie de construction navale de Water Seven existe-t-elle ? 5 ans
11%
À l'origine combien y avait-il de compagnies de construction navale ? 7
11%
Avec quoi Wanze prépare-t-il ses nouilles ? Avec son nez
11%
Que dit Sanji lorsqu'il retrouve Robin prête à monter dans le train des mers ? Bingo
11%
Quel est le nom de la gare de Water Seven ? Blue Station
11%
Quel est le grade de Paulie, Lucci, Kaku, Lulu et Tilestone dans leur compagnie ? Contremaître
11%
Pour ne pas révéler que Lucci et Kaku étaient des traîtres, où Paulie dit-il qu'ils sont retourner ? Dans leurs village natal
11%
De quoi Jerry est-il le roi ? De la boxe
11%
Quelle type de viande Luffy achète-t-il au quartier commerçant ? De l'aqua-viande /De la mizu mizu niku
11%
De quelle île est originaire Jerry ? De l'île du Karaté
11%
De quoi est faite la tenue de combat de Wanze ? De nouilles
11%
Quels objets Sanji utilise-t-il pour combattre Wanze ? Des couteaux
11%
Quels objets utilise Nero pour remplacer la technique du CP9 qui consiste à utiliser son doigt comme un pistolet ? Des pistolets
11%
Que porte Wanze aux pieds ? Des rollers
11%
Comment Franky surnomme-t-il Icebarg ? Idiobarg
11%
Que fait Franky pour devenir invincible ? Il s'allonge sur le dos
11%
Quelle technique du CP9 consiste à esquiver les coups de manière très rapide ? Incision / Soru
11%
Comment s'appelle l'esprit qui habite les navires ? Le Klabautermann
11%
À quelle famille d'homme-poisson appartient Tom ? Le poisson-vache
11%
Pour protéger qui, Robin a-t-elle décidé de se rendre au CP9 ? L'équipage du chapeau de paille
11%
Quel est le nom des bulls les plus grands ? Les king bulls
11%
Quel est le nom des bulls de tailles intermédiares ? Les rabuka bulls
11%
Qu'est-ce qui donne le tournis à Wanze pendant son combat contre Sanji ? Les sourcils de Sanji
11%
Quel est le surnom de Kaku ? Le vent de la montagne
11%
Qui était selon Lulu et Tilestone les coupables de l'attaque visant à assassiner Icebarg ? Michael et Hoichael
11%
Comment s'appelle le capitaine de l'équipage des gros casques ? Mikazuki
11%
Comment s'appelle la version améliorée par Usopp du Clima Tact de Nami ? Perfect Clima Tact
11%
Quelle technique du CP9 consiste à esquiver les coups comme une feuille de papier ? Pliage / Kami-e
11%
Comment s'appelle le deuxième train des mers ? Rocketman
11%
Quel est le nom de la cité de la reine du printemps ? Saint Poplar
11%
Quel est le nom de la cité des carnavals ? San Faldo
11%
Qu'est-ce qui est incontrolable chez le deuxième train des mers ? Sa vitesse
11%
Quel est le nom de la gare de Kokoro ? Shift Station
11%
Que prend Kaku à Icebarg pendant que Lucci émet sa théorie sur l'emplacement des vrais plans de l'arme ? Son pouls
11%
Quel est le nom du duo formé par Mozu et Kiwi ? Square Sisters
11%
Où Franky a-t-il trouvé des pièces pour devenir un cyborg après son accident ? Sur une épave
11%
Qu'est-ce que Sanji a laissé dans la gare pour Nami ? Une lettre
11%
Quel animal représente le masque de Lucci ? Une vache
11%
Quelle arme utilise Kalifa ? Un fouet
11%
Quel est le seul objet retrouvé sur les lieux du crime ? Un masque
11%
Que représente le masque de Kaku ? Un squelette
11%
Quelle technique de Franky consiste à ouvrir son poignet gauche pour révéler un canon ? Weapons Left
11%
Comment s'appelle le bras droit de Franky ? Zambai
11%
Quelle est la devise de T Bone ? 100 bonnes actionspar jour
0%
Quelle technique utilise Sanji pour battre Wanze ? 3 Points de Découpage
0%
Combien y a-t-il de membres dans la Franky Family ? 50
0%
Comment s'appellent les portes qu'ouvre Blueno dans l'air ? Air Door
0%
Comment s'appelle l'épée de T Bone ? Bamboo
0%
Quelle technique de Franky consiste à tirer des balles avec son poignet ? Beans Left
0%
Quelle technique d'Usopp consiste à lancer un œuf ? Bille Œuf Stellaire /Tamago Boshi
0%
Qui est le maire de la cité des gourmets ? Bimine
0%
Comment s'appelle le bar de Blueno ? Blueno's Bar /Chez Blueno
0%
Avec quelle technique Sanji bat-il Jerry ? Brochette
0%
Pour quelle raison les parents de Franky l'ont abandonné ? Car il était insupportable
0%
Avec quelle technique Zoro bat-il T Bone ? Cornes du Démon Griffes du Courage / Gyuki Yuzume
0%
Comment Icebarg surnomme-t-il Franky ? Crétinky
0%
Comment s'appelle le journal de Water Seven ? Daily-Aqua /Mizu Mizu Journal
0%
Que donne le marchand à Usopp après que ce dernier lui est acheté de quoi réparer le Vogue Merry ? Des boulettes de riz
0%
Selon Tom "Un homme doit être fier ..." "Des navires qu'il a construits"
0%
Quelle type de patate Sanji a-t-il préparé pour l'équipage ? Des pommes paillasson
0%
De quel quai Pauly, Kaku et Lucci sont-ils les charpentiers ? Du quai numéro un /Du Dock 1
0%
De quelle manière parle Tilestone ? En criant
0%
Quelle technique de Franky consiste à cracher du feu avec sa bouche ? Fresh Fire
0%
Quelle technique combinée, ont utilisé Luffy et Zoro pour franchir la vague géante de la tempête ? Gum Gum 300 Klesha Canon / Gomu Gomu no Sanbyaku Pound Cannon
0%
Avec quelle technique Luffy détruit-il l'armure d'un des membres de la Franky Family ? Gum Gum Canon /Gomu Gomu no Cannon
0%
Avec quelle technique Luffy bat Usopp ? Gum Gum Munitions /
Gomu Gomu no Bullet
0%
Comment est appelé la décharge de Water Seven ? Île Scrap
0%
Quelle est la particularité du couteau à nouille géant de Wanze ? Il est empoisonné
0%
Quelles sont les deux techniques du CP9 que Nero ne maîtrise pas ? Index Gun et Metallium
0%
Comment s'appelle le juge de la cour d'assises navale ? Jorge
0%
Quel est le surnom de Nero ? La loutre de mer /La belette des mers
0%
Quel est le surnom de T Bone ? Le découpeur de bateaux / Le pourfendeur de vaisseaux
0%
Quelle est l'activité principale de la Franky Family ? Le démolissage de navires
0%
Quel style de combat utilise Wanze ? Le ramen kenpo /L'art martial des nouilles
0%
Comment Luffy surnomme-t-il Paulie ? Le type à la corde
0%
Qu'est-ce qui est écrit sur le dos de la veste de Wanze ? MAD
0%
Quelle technique de Franky consiste à cracher des clous avec sa bouche ? Master Nail
0%
Comment s'appelle les chaussures en forme de poulpe que Sniperking veut donner à Robin ? Octopu-pantoufles /Octopakutsu
0%
Quelle technique utilise Sanji pour modifier le visage de Wanze ? Parage Shoot
0%
Quel est le nom du magasin de location de bull ? Rental Bull Shop
0%
Où se situe la base secrète de Franky ? Sous le pond
0%
Quelle technique de Franky consiste à utiliser son bras comme un bouclier ? Star Shield /Hoshi Shield
0%
Quel est le rire de Tom ? Tahahahaha
0%
Avec quelle technique Franky bat-il Nero ? Ultimate Hammer
0%
Quel animal représente le masque de Blueno ? Un ours
0%
Aucun quiz correspondant
Distribution des résultats
% des personnes avec chaque résultat
Percentile par nombre de réponses
Votre historique - résultats
Vous n’avez pas pris ce quiz